Statistiques concernant Personnages célèbres - Série 66

Cliquez ici pour prendre le quiz!

Statistiques générales

  • Ce quiz a été pris 57 fois
  • Le résultat moyen est 9 sur 15

Statistiques - réponses

Answer % Correct
Lennon
95%
Mathy
93%
Mika
82%
Pogba
78%
Leone
76%
Jordana
73%
Cooper
71%
Morgan
64%
May
62%
Presle
49%
Marques
44%
Marshall
33%
Lisi
22%
Vitti
20%
Vernier
15%

Distribution des résultats

Percentile by Number Answered

% des personnes avec chaque résultat

Votre développement - résultats

Vous n’avez pas pris ce quiz